[Event "Stare Mesto op"]
[Site "Stare Mesto"]
[Date "2014.08.08"]
[Round "1"]
[White "Janek, Jiri"]
[Black "Machan, Jan"]
[Result "0-1"]
[WhiteElo "1829"]
[BlackElo "2260"]
[PlyCount "68"]
[EventDate "2014.08.08"]
[EventType "swiss"]
[EventRounds "10"]
[EventCountry "CZE"]
[SourceTitle "CBM 162 Extra"]
[Source "ChessBase"]
[SourceDate "2014.10.17"]
[SourceVersion "1"]
[SourceVersionDate "2014.10.17"]
[SourceQuality "1"]

1. d4 Nf6 2. Nf3 g6 3. c4 Bg7 4. Nc3 d5 5. e3 0-0 6. cxd5 Nxd5 7. Bc4 Nb6 8. Be2 c5 9. 0-0 cxd4 10. Nxd4 Bd7 11. Bf3 Qc8 12. Qb3 Nc6 13. Nxc6 Bxc6 14. Bxc6 Qxc6 15. Bd2 Rfd8 16. Rfd1 Nc4 17. Be1 a6 18. Rxd8+ Rxd8 19. Rd1 Rxd1 20. Nxd1 Be5 21. Qc2 Nxb2 22. Qxc6 bxc6 23. Nc3 Nd3 24. Bd2 Bxc3 25. Bxc3 Nc1 26. Bb4 Nxa2 27. Bxe7 f5 28. Kf1 Kf7 29. Bc5 Ke6 30. Ke1 Kd5 31. Ba3 Nc3 32. f3 Kc4 33. Bd6 Kd3 34. Be5 Nd5 0-1

[Event "Stare Mesto op"]
[Site "Stare Mesto"]
[Date "2010.08.17"]
[Round "6"]
[White "Janek, Jiri"]
[Black "Sojka, Ales"]
[Result "0-1"]
[WhiteElo "1945"]
[BlackElo "2149"]
[PlyCount "80"]
[EventDate "2010.08.13"]
[EventType "swiss"]
[EventRounds "10"]
[EventCountry "CZE"]
[SourceTitle "CBM 138 Extra"]
[Source "ChessBase"]
[SourceDate "2010.10.29"]
[SourceVersion "1"]
[SourceVersionDate "2010.10.29"]
[SourceQuality "1"]

1. d4 d6 2. c4 e5 3. dxe5 dxe5 4. Qxd8+ Kxd8 5. Nc3 c6 6. e4 Be6 7. Be3 Kc7 8. Nf3 f6 9. Be2 Nd7 10. 0-0 Bc5 11. Bxc5 Nxc5 12. b4 Na6 13. a3 Ne7 14. c5 Rad8 15. Rfd1 Nb8 16. Rxd8 Rxd8 17. Rd1 Rxd1+ 18. Bxd1 b6 19. cxb6+ axb6 20. Nd2 Nd7 21. Bb3 Nf8 22. g3 Bxb3 23. Nxb3 Ne6 24. Ne2 c5 25. bxc5 bxc5 26. Nc3 Nc6 27. Kg2 Kb6 28. Nd2 Na5 29. Nd5+ Kb5 30. Nc3+ Kc6 31. Nd5 c4 32. Nb1 Kc5 33. Nbc3 Kd4 34. f3 Kd3 35. Kf2 Nc7 36. Na4 Nxd5 37. exd5 c3 38. d6 c2 39. d7 Nc6 40. Nc5+ Kc4 0-1

[Event "CZE-chT2e 0506"]
[Site "Czech Republic"]
[Date "2006.03.12"]
[Round "9.8"]
[White "Hrabal, Michal"]
[Black "Janek, Jiri"]
[Result "1-0"]
[WhiteElo "1849"]
[BlackElo "1983"]
[PlyCount "75"]
[EventDate "2005.10.16"]
[EventType "team"]
[EventRounds "11"]
[EventCountry "CZE"]
[SourceTitle "EXT 2008"]
[Source "ChessBase"]
[SourceDate "2007.11.25"]
[SourceVersion "1"]
[SourceVersionDate "2007.11.25"]
[SourceQuality "1"]

1. e4 e6 2. d4 d5 3. Nc3 Nf6 4. e5 Nfd7 5. f4 c5 6. Nf3 Nc6 7. Be3 a6 8. Be2 b5 9. a3 Bb7 10. 0-0 Qb6 11. f5 cxd4 12. fxe6 fxe6 13. Nxd4 Bc5 14. Nxe6 Bxe3+ 15. Kh1 Ncxe5 16. Nxd5 Bxd5 17. Qxd5 Qc6 18. Qxc6 Nxc6 19. Nc7+ Kd8 20. Nxa8 Nce5 21. a4 b4 22. Bxa6 Ke7 23. Nc7 Kd6 24. Nb5+ Kc6 25. Rad1 Kc5 26. Rfe1 Bg5 27. Nd4 Bf6 28. Ne6+ Kb6 29. Rd6+ Ka7 30. Bb5 Nb6 31. a5 Nbc4 32. Ra6+ Kb7 33. Nc5+ Kb8 34. b3 Na3 35. Rb6+ Kc7 36. Ne6+ Kc8 37. Ba4 Nxc2 38. Rc1 1-0

[Event "CZE-chT2e 0506"]
[Site "Czech Republic"]
[Date "2006.02.26"]
[Round "8.8"]
[White "Janek, Jiri"]
[Black "Bures, Jaroslav"]
[Result "1/2-1/2"]
[WhiteElo "1983"]
[BlackElo "2006"]
[PlyCount "117"]
[EventDate "2005.10.16"]
[EventType "team"]
[EventRounds "11"]
[EventCountry "CZE"]
[SourceTitle "EXT 2008"]
[Source "ChessBase"]
[SourceDate "2007.11.25"]
[SourceVersion "1"]
[SourceVersionDate "2007.11.25"]
[SourceQuality "1"]

1. e4 d5 2. exd5 Qxd5 3. Nc3 Qa5 4. d4 Nf6 5. Bd2 c6 6. Ne4 Qb6 7. Nxf6+ exf6 8. Bc3 Be6 9. Qd2 a5 10. a3 Bd6 11. Bd3 0-0 12. Ne2 Qc7 13. h3 Nd7 14. 0-0 Rfe8 15. Rfe1 Nf8 16. b4 axb4 17. axb4 Ng6 18. Qc1 Nh4 19. Bd2 Rxa1 20. Qxa1 Bxh3 21. Nf4 Bd7 22. Rxe8+ Bxe8 23. Qe1 Qe7 24. Qxe7 Bxe7 25. Kf1 Bd7 26. c3 Bd6 27. Be2 Kf8 28. Nd3 b6 29. Nb2 g5 30. Nc4 Bc7 31. Ne3 f5 32. g3 Ng6 33. Nc4 f6 34. Bd3 Ne7 35. Kg2 Nd5 36. Ne3 Nxe3+ 37. Bxe3 h5 38. f4 Bd8 39. Bc4 Kg7 40. Kf2 Kg6 41. Ba6 Be6 42. Bb7 Bd7 43. Ba8 Bc7 44. Bb7 Be8 45. Ba8 Bd8 46. Bb7 Bd7 47. Ba8 Kf7 48. d5 cxd5 49. Bxd5+ Be6 50. Bc6 Bc4 51. Bf3 Kg6 52. Bc6 Bc7 53. Be8+ Kh6 54. Bd7 Bd3 55. Be8 Bc4 56. Bd7 Kg6 57. Be8+ Bf7 58. Bd7 Bc4 59. Be8+ 1/2-1/2

[Event "CZE-chT2e 0506"]
[Site "Czech Republic"]
[Date "2005.10.16"]
[Round "1.8"]
[White "Janek, Jiri"]
[Black "Kunovjanek, Milan"]
[Result "1/2-1/2"]
[WhiteElo "1983"]
[BlackElo "1810"]
[PlyCount "60"]
[EventDate "2005.10.16"]
[EventType "team"]
[EventRounds "11"]
[EventCountry "CZE"]
[SourceTitle "EXT 2008"]
[Source "ChessBase"]
[SourceDate "2007.11.25"]
[SourceVersion "1"]
[SourceVersionDate "2007.11.25"]
[SourceQuality "1"]

1. e4 e5 2. Nf3 Nf6 3. Nc3 Nc6 4. Bc4 Nxe4 5. Nxe4 d5 6. Bd3 dxe4 7. Bxe4 Bd6 8. d4 exd4 9. Bxc6+ bxc6 10. Nxd4 Qe7+ 11. Be3 Bb7 12. Nf5 Qe5 13. Nxd6+ cxd6 14. 0-0 0-0 15. Qg4 f5 16. Qc4+ d5 17. Qb4 Rf7 18. Bd4 Qe7 19. Qc3 Qg5 20. f4 Qg4 21. Rae1 h5 22. Rf3 h4 23. b4 Rc8 24. Qe3 a5 25. a3 axb4 26. axb4 Ra8 27. Rh3 Ba6 28. Qf2 g5 29. fxg5 Rh7 30. Qe3 f4 1/2-1/2

[Event "CZE-chT2e 0405"]
[Site "Czech Republic"]
[Date "2005.02.20"]
[Round "8.8"]
[White "Janek, Jiri"]
[Black "Krca, Milan"]
[Result "0-1"]
[WhiteElo "1818"]
[BlackElo "2015"]
[PlyCount "82"]
[EventDate "2004.10.17"]
[EventType "team"]
[EventRounds "11"]
[EventCountry "CZE"]
[SourceTitle "EXT 2007"]
[Source "ChessBase"]
[SourceDate "2006.11.23"]
[SourceVersion "1"]
[SourceVersionDate "2006.11.23"]
[SourceQuality "1"]

1. e4 c5 2. Nf3 Nc6 3. d4 cxd4 4. Nxd4 Nf6 5. Nc3 e6 6. Be2 Bb4 7. f3 Qa5 8. Nxc6 Bxc3+ 9. bxc3 Qxc3+ 10. Bd2 Qxc6 11. Bb4 d5 12. a4 a6 13. e5 Nd7 14. Bd6 f6 15. f4 Kf7 16. 0-0 Nb6 17. c4 Nxc4 18. Bxc4 dxc4 19. a5 b5 20. axb6 Qxb6+ 21. Kh1 g6 22. Qg4 Re8 23. Qh4 Kg8 24. Qxf6 Ra7 25. Rab1 Qc6 26. Rbc1 Rb7 27. Rf3 Qe4 28. Qh4 Rb3 29. Rf2 Bb7 30. h3 Rb1 31. Rxb1 Qxb1+ 32. Kh2 c3 33. Be7 c2 34. Bf6 c1Q 35. Qh6 Qg1+ 36. Kg3 Qd3+ 37. Kg4 Qgd1+ 38. Rf3 Bxf3+ 39. Kh4 Qe1+ 40. g3 g5+ 41. fxg5 Qde4# 0-1

[Event "CZE-chT2e 0405"]
[Site "Czech Republic"]
[Date "2004.12.19"]
[Round "5.8"]
[White "Jemelka, Jan"]
[Black "Janek, Jiri"]
[Result "1/2-1/2"]
[WhiteElo "2017"]
[BlackElo "1818"]
[PlyCount "82"]
[EventDate "2004.10.17"]
[EventType "team"]
[EventRounds "11"]
[EventCountry "CZE"]
[SourceTitle "EXT 2007"]
[Source "ChessBase"]
[SourceDate "2006.11.23"]
[SourceVersion "1"]
[SourceVersionDate "2006.11.23"]
[SourceQuality "1"]

1. d4 d5 2. Nf3 Nf6 3. Bg5 Nbd7 4. c3 Ne4 5. Bh4 c6 6. e3 Qb6 7. Qb3 e6 8. Be2 Bd6 9. Nbd2 Nxd2 10. Nxd2 0-0 11. 0-0 c5 12. Rac1 f5 13. dxc5 Qxb3 14. Nxb3 Nxc5 15. Nxc5 Bxc5 16. Bg3 b6 17. Rc2 a5 18. Be5 Ba6 19. Bxa6 Rxa6 20. a3 a4 21. Rd1 Rc8 22. Kf1 b5 23. Rdd2 Rac6 24. Ke2 Kf7 25. h3 Be7 26. Rd4 Rc4 27. Rcd2 h5 28. g3 g6 29. h4 R8c6 30. Ke1 Rxd4 31. Rxd4 Rc4 32. Ke2 Bc5 33. Rd1 Be7 34. Rd4 Bf8 35. Ke1 Bc5 36. Rd1 Be7 37. Rd4 Bc5 38. Rd1 Bb6 39. Ke2 Bd8 40. Rd4 Bb6 41. Rd1 Bc5 1/2-1/2

[Event "CZE-chT2e 0405"]
[Site "Czech Republic"]
[Date "2004.11.21"]
[Round "3.8"]
[White "Jurasek, Miroslav"]
[Black "Janek, Jiri"]
[Result "1-0"]
[WhiteElo "2312"]
[BlackElo "1818"]
[PlyCount "87"]
[EventDate "2004.10.17"]
[EventType "team"]
[EventRounds "11"]
[EventCountry "CZE"]
[SourceTitle "EXT 2007"]
[Source "ChessBase"]
[SourceDate "2006.11.23"]
[SourceVersion "1"]
[SourceVersionDate "2006.11.23"]
[SourceQuality "1"]

1. e4 e6 2. d4 d5 3. Nc3 Nf6 4. Bg5 Bb4 5. e5 h6 6. Bd2 Bxc3 7. Bxc3 Ne4 8. Bb4 c5 9. dxc5 Nxf2 10. Kxf2 Qh4+ 11. g3 Qxb4 12. Nf3 Qxc5+ 13. Kg2 Nc6 14. Bd3 Nb4 15. Rf1 Bd7 16. Rf2 Rc8 17. c3 Nxd3 18. Qxd3 0-0 19. Nd4 a6 20. a3 Qc4 21. Qd2 Bb5 22. Rd1 Qc5 23. Re1 Bc4 24. Re3 Qc7 25. Qd1 Qd7 26. Qh5 Qe7 27. h4 Rce8 28. Ref3 Ba2 29. Rf1 Bc4 30. Re1 Kh7 31. Rfe3 Rg8 32. Qd1 Ref8 33. Rf3 Rc8 34. Ree3 Rcf8 35. Rf2 Kh8 36. Qd2 Kh7 37. Qe1 Kh8 38. Rf4 Kh7 39. Ref3 g6 40. Qf2 Rg7 41. Rf6 Ba2 42. Nxe6 fxe6 43. Rxf8 Bb1 44. R3f7 1-0

[Event "CZE-chT2e 0405"]
[Site "Czech Republic"]
[Date "2004.10.17"]
[Round "1.8"]
[White "Roubalik, Jakub"]
[Black "Janek, Jiri"]
[Result "1-0"]
[WhiteElo "2057"]
[BlackElo "1818"]
[PlyCount "57"]
[EventDate "2004.10.17"]
[EventType "team"]
[EventRounds "11"]
[EventCountry "CZE"]
[SourceTitle "EXT 2007"]
[Source "ChessBase"]
[SourceDate "2006.11.23"]
[SourceVersion "1"]
[SourceVersionDate "2006.11.23"]
[SourceQuality "1"]

1. e4 e6 2. d4 d5 3. Nc3 Nf6 4. Bg5 Bb4 5. e5 h6 6. exf6 hxg5 7. fxg7 Rg8 8. Nf3 Nc6 9. Bb5 Bd7 10. Qd3 Qf6 11. 0-0-0 0-0-0 12. Bxc6 Bxc6 13. Ne5 Be8 14. f3 Qxg7 15. Rhe1 Qf6 16. Kb1 Rh8 17. h3 Rh4 18. Ng4 Qe7 19. Re2 f5 20. Nf2 Qf6 21. g3 Rh8 22. a3 Ba5 23. Qe3 Rd6 24. f4 gxf4 25. Qxf4 Bxc3 26. bxc3 Ra6 27. Kb2 Qf8 28. Ra1 Bb5 29. Re3 1-0